000 00933nam a2200289 i 4500
001 16065
003 ES-MaACL
005 20250813063257.0
007 t|
008 000620s1999 sp ||||0| spa j
020 _a84-89666-39-3
040 _aM-BN
_bspa
_cM-BN
080 _a821.134.2(82) Marechal, Leopoldo 7 Adán Buenosayres.06
080 _a821.134.2(82)-31"19"
100 0 _aMarechal, Leopoldo,
_d1900-1970
_976578
245 1 0 _aAdán Buenosayres /
_cLeopoldo Marechal ; coordinadores, Jorge Lafforgue, Fernando Colla.
250 _a2ª ed.
260 _a[Madrid] :
_bAllca XX,
_c1999.
300 _a978 p. ;
_c24 cm.
490 1 _aColección Archivos ;
_v31
504 _aBibliografía: p [966]-978.
700 1 _aLafforgue, Jorge.
_969490
700 1 _aColla, Fernando.
_939648
830 0 _aColección Archivos ;
_v31
_9178295
852 _aES-MaACL
_jL-23265
_bR.128431
999 _c16065
_d16065